Normal view
MARC view
- Ridley, John R.
Entry Personal Name
001 - CONTROL NUMBER
- control field: 33983
003 - CONTROL NUMBER IDENTIFIER
- control field: OSt
005 - DATE AND TIME OF LATEST TRANSACTION
- control field: 20131009132930.0
008 - FIXED-LENGTH DATA ELEMENTS
- fixed length control field: 131009|| aca||aabn | a|a d
040 ## - CATALOGING SOURCE
- Original cataloging agency: OSt
- Transcribing agency: OSt
100 ## - HEADING--PERSONAL NAME
- Personal name: Ridley, John R.
- Title of a work: Safeguarding for machinery.
670 ## - SOURCE DATA FOUND
- Source citation: Work cat.: (OSt)0: Ridley, John R. 33978, Safety with machinery /, 2006.